[Event "POL-ch U16 Girls"]
[Site "Jastrzebia Gora"]
[Date "2023.??.??"]
[Round "3"]
[White "Ekner, Maria"]
[Black "Michalska, Anna Maria"]
[Result "1/2-1/2"]
[WhiteElo "1337"]
[BlackElo "1417"]
[PlyCount "100"]
[EventDate "2023.03.11"]
[EventType "swiss"]
[EventRounds "9"]
[EventCountry "POL"]
[SourceTitle "CBM 213 Extra"]
[Source "ChessBase"]
[SourceDate "2023.05.31"]
[SourceVersion "1"]
[SourceVersionDate "2023.05.31"]
[SourceQuality "1"]

1. d4 d5 2. c4 c6 3. Nf3 Nf6 4. Bg5 e6 5. Nc3 Be7 6. Qc2 Nbd7 7. e3 b6 8. Bd3 Bb7 9. 0-0 0-0 10. a3 dxc4 11. Bxc4 b5 12. Bd3 a5 13. e4 h6 14. Bxf6 Nxf6 15. e5 Nd5 16. Nxd5 Qxd5 17. Be4 Qd7 18. Rac1 Rfc8 19. Rfd1 Rc7 20. Qe2 Rac8 21. h3 a4 22. Nh2 Rd8 23. Qh5 Bg5 24. Rc3 Qe8 25. Qf3 Be7 26. Ng4 Ba8 27. Qf4 Bg5 28. Qf3 Kh8 29. g3 Be7 30. h4 c5 31. Bxa8 Rxa8 32. Rdc1 Rac8 33. Ne3 Kg8 34. Nf1 Qd7 35. Qd3 Rd8 36. Rd1 c4 37. Qe2 Qc6 38. Nh2 Rcd7 39. Nf3 Rd5 40. Rc2 Bc5 41. Rcd2 Bb6 42. Qe4 Qd7 43. Qf4 Ba5 44. Rc2 Rc8 45. Rdc1 Rc7 46. g4 Bb6 47. Rd1 Qe7 48. Rdc1 Rcd7 49. Rd1 Bc7 50. Kg2 Bb6 1/2-1/2

[Event "POL-ch U16 Girls"]
[Site "Jastrzebia Gora"]
[Date "2023.??.??"]
[Round "7"]
[White "Kaczmarek, Paulina"]
[Black "Michalska, Anna Maria"]
[Result "1-0"]
[WhiteElo "1317"]
[BlackElo "1417"]
[PlyCount "131"]
[EventDate "2023.03.11"]
[EventType "swiss"]
[EventRounds "9"]
[EventCountry "POL"]
[SourceTitle "CBM 213 Extra"]
[Source "ChessBase"]
[SourceDate "2023.05.31"]
[SourceVersion "1"]
[SourceVersionDate "2023.05.31"]
[SourceQuality "1"]

1. e4 e6 2. d4 d5 3. e5 c5 4. c3 Nc6 5. Nf3 Qb6 6. Bd3 c4 7. Bc2 Bd7 8. b3 Na5 9. 0-0 h6 10. Na3 Bxa3 11. Bxa3 Ne7 12. Bc5 Qc7 13. b4 Nac6 14. a4 b6 15. Bd6 Qd8 16. Nd2 Nc8 17. b5 Nxd6 18. bxc6 Bxc6 19. exd6 Qxd6 20. Qe2 0-0 21. Rfe1 Rae8 22. Nf3 f6 23. Bg6 Re7 24. Nh4 Be8 25. g3 Bf7 26. Nf5 exf5 27. Qxe7 Qxe7 28. Rxe7 Bxg6 29. Rxa7 f4 30. Re1 Be4 31. f3 Bg6 32. Ree7 Rf7 33. Rxf7 Bxf7 34. Rb7 Be8 35. Rxb6 Bxa4 36. Rd6 fxg3 37. hxg3 Kf7 38. Rxd5 Ke6 39. Rc5 Bb3 40. Kf2 Kd6 41. Ke3 Ba2 42. f4 Bb3 43. f5 Bc2 44. Kf4 Bd3 45. Ra5 h5 46. Ra7 g5+ 47. fxg6 Bxg6 48. Ra6+ Ke7 49. g4 hxg4 50. Kxg4 Bd3 51. Kf4 Bc2 52. Rc6 Bd3 53. d5 f5 54. Ke5 Kd7 55. Rf6 Be4 56. Rxf5 Bd3 57. Rf7+ Ke8 58. Rc7 Kd8 59. d6 Bf1 60. Kd4 Be2 61. Kc5 Bd3 62. Kb6 Be2 63. Rg7 Bd3 64. d7 Bf5 65. Kc6 Bh7 66. Kd6 1-0